[Event "YC 2019 Simultan Vincent Keymer"]
[Site "Bad Soden, H+ Hotel"]
[Date "2019.10.03"]
[Round "1.31"]
[White "Keymer, Vincent"]
[Black "Dütsch, Kilian"]
[Result "1-0"]
[WhiteElo "2506"]
[BlackElo "700"]
[PlyCount "105"]
[EventDate "2019.10.03"]
[WhiteTeam "Deizisau"]
[BlackTeam "SK Schweinfurt 2000"]

{Begonnen '16:30', beendet '20:00'} 1. d4 d5 2. c4 dxc4 3. Nf3 Nc6 4. e3 e5 5.
Bxc4 Bf5 6. Nc3 Nf6 7. O-O Bd6 8. e4 Nxe4 9. Nxe4 Bxe4 10. Bxf7+ Kf8 11. Ng5
Bf5 12. d5 Nb4 13. Qf3 Bg6 14. Bxg6+ Qf6 15. Ne6+ Kg8 16. Qxf6 gxf6 17. Be4 Rc8
18. Bh6 Kf7 19. a3 Na6 20. b4 Rhg8 21. Kh1 Rg4 22. Bf5 Rgg8 23. g4 c5 24. dxc6
Rxc6 25. b5 Rcc8 26. bxa6 bxa6 27. Rab1 Rb8 28. Rxb8 Rxb8 29. Rc1 Bxa3 30. Rc7+
Be7 31. Rxa7 Rc8 32. Bf8 Re8 33. Bxe7 Rxe7 34. Rxa6 h6 35. Nd8+ Kf8 36. Rxf6+
Kg7 37. Rf7+ Rxf7 38. Nxf7 Kxf7 39. h4 Kf6 40. Kg2 h5 41. Kf3 hxg4+ 42. Kxg4
Kg7 43. Kg5 Kf7 44. h5 Kg7 45. h6+ Kh8 46. Kf6 Kg8 47. Kxe5 Kh8 48. f4 Kg8 49.
Kf6 Kh8 50. Ke7 Kg8 51. Be6+ Kh7 52. f5 Kh8 53. f6 1-0

[Event "YC 2019 Simultan Vincent Keymer"]
[Site "Bad Soden, H+ Hotel"]
[Date "2019.10.03"]
[Round "1.32"]
[White "Keymer, Vincent"]
[Black "Alt, Johannes"]
[Result "1-0"]
[WhiteElo "2506"]
[BlackElo "1344"]
[PlyCount "75"]
[EventDate "2019.10.03"]
[WhiteTeam "Deizisau"]
[BlackTeam "SF Heidesheim"]

{Begonnen '16:30', beendet '19:40'} 1. c4 Nf6 2. d4 c5 3. d5 d6 4. Nc3 Nbd7 5.
e4 Nb6 6. h3 h6 7. f4 e6 8. Nf3 exd5 9. cxd5 Qe7 10. e5 dxe5 11. fxe5 Nfd7 12.
d6 Qe6 13. Nb5 Kd8 14. Nc7 Qf5 15. Bd3 Qxd3 16. Qxd3 Rb8 17. e6 c4 18. exf7 Nc5
19. Qe3 Bxd6 20. Qe8+ Rxe8+ 21. fxe8=Q+ Kxc7 22. O-O Be6 23. Qg6 Bd5 24. Qxg7+
Nbd7 25. Nd4 Rg8 26. Nb5+ Kc6 27. Nxa7+ Kc7 28. Nb5+ Kc6 29. Qxg8 Bxg8 30. Nxd6
Kxd6 31. Bxh6 Ne6 32. Rad1+ Kc6 33. g4 Bh7 34. Rxd7 Bd3 35. Rxd3 cxd3 36. g5
Nd4 37. g6 Ne2+ 38. Kf2 1-0

[Event "YC 2019 Simultan Vincent Keymer"]
[Site "Bad Soden, H+ Hotel"]
[Date "2019.10.03"]
[Round "1.33"]
[White "Keymer, Vincent"]
[Black "Bergfeld, Josefine"]
[Result "1/2-1/2"]
[WhiteElo "2506"]
[BlackElo "1000"]
[PlyCount "48"]
[EventDate "2019.10.03"]
[WhiteTeam "Deizisau"]
[BlackTeam "Heilbronner SV"]

{Begonnen '16:30', beendet '18:45'} 1. Nf3 Nc6 2. d4 d5 3. c4 Nf6 4. cxd5 Nxd5
5. e4 Nf6 6. Nc3 g6 7. d5 Nb8 8. e5 Nfd7 9. e6 fxe6 10. Ng5 Nf6 11. Bc4 Bg7 12.
O-O O-O 13. Re1 h6 14. Nxe6 Bxe6 15. Rxe6 Kh7 16. Qc2 c6 17. Be3 Nbd7 18. Rd1
Re8 19. g4 Nf8 20. dxc6 Qc7 21. Nd5 Nxd5 22. Bxd5 Nxe6 23. Bxe6 Qxc6 24. Qb3
Rad8 1/2-1/2

[Event "YC 2019 Simultan Vincent Keymer"]
[Site "Bad Soden, H+ Hotel"]
[Date "2019.10.03"]
[Round "1.34"]
[White "Keymer, Vincent"]
[Black "Trenz, Finn"]
[Result "1-0"]
[WhiteElo "2506"]
[BlackElo "1471"]
[PlyCount "75"]
[EventDate "2019.10.03"]
[WhiteTeam "Deizisau"]
[BlackTeam "SK Gau-Algesheim"]

{Begonnen '16:30', beendet '18:46'} 1. d4 d5 2. c4 e6 3. Nc3 c5 4. cxd5 exd5 5.
Nf3 Nf6 6. g3 Nc6 7. Bg2 Bg4 8. Ne5 Bd6 9. Nxg4 Nxg4 10. Nxd5 cxd4 11. O-O h5
12. h3 Nge5 13. e3 g5 14. exd4 Ng6 15. Re1+ Kd7 16. Qf3 Qf8 17. Qf5+ Kd8 18.
Bxg5+ Be7 19. Nxe7 Ncxe7 20. Qd5+ Kc7 21. Qxb7+ Kd6 22. Bxe7+ Nxe7 23. Rxe7 Qc8
24. Rd7+ Qxd7 25. Qd5+ Ke7 26. Re1+ Qe6 27. Rxe6+ fxe6 28. Qxa8 Rxa8 29. Bxa8
Kd6 30. Bf3 a5 31. Bxh5 Kd5 32. Bf7 Kxd4 33. Bxe6 Kd3 34. h4 Kc2 35. h5 Kxb2
36. h6 a4 37. h7 a3 38. h8=Q+ 1-0

[Event "YC 2019 Simultan Vincent Keymer"]
[Site "Bad Soden, H+ Hotel"]
[Date "2019.10.03"]
[Round "1.36"]
[White "Keymer, Vincent"]
[Black "Strauß, Florian"]
[Result "1-0"]
[WhiteElo "2506"]
[BlackElo "1126"]
[PlyCount "23"]
[EventDate "2019.10.03"]
[WhiteTeam "Deizisau"]
[BlackTeam "SV Multatuli Ingelheim"]

{Begonnen '16:30', beendet '17:41'} 1. Nf3 Nf6 2. c4 Nc6 3. d4 d6 4. Nc3 Bg4 5.
d5 Ne5 6. Nxe5 dxe5 7. h3 Bc8 8. e4 e6 9. g4 exd5 10. cxd5 Bb4 11. Qa4+ Qd7 12.
Bb5 1-0

[Event "YC 2019 Simultan Vincent Keymer"]
[Site "Bad Soden, H+ Hotel"]
[Date "2019.10.03"]
[Round "1.37"]
[White "Keymer, Vincent"]
[Black "Akcapinar, Timur"]
[Result "1-0"]
[WhiteElo "2506"]
[BlackElo "1119"]
[PlyCount "81"]
[EventDate "2019.10.03"]
[WhiteTeam "Deizisau"]
[BlackTeam "SF Essen-Werden 1924"]

{Begonnen '16:30', beendet '19:43'} 1. d4 d6 2. Nf3 Nf6 3. c4 g6 4. g3 Bg7 5.
Bg2 O-O 6. O-O Bf5 7. Nfd2 c6 8. Nc3 Nbd7 9. e4 Be6 10. d5 cxd5 11. cxd5 Bg4
12. f3 Bh5 13. g4 Bxg4 14. fxg4 Qb6+ 15. Kh1 Rfc8 16. g5 Ne8 17. Nf3 Bxc3 18.
bxc3 Rxc3 19. Bd2 Rc4 20. Rb1 Qa6 21. Re1 Rc7 22. Qb3 b6 23. Bf1 Qb7 24. Bb5
Nc5 25. Qe3 Rac8 26. Nd4 a6 27. Bc6 Qa7 28. e5 dxe5 29. Qxe5 Nd3 30. Qe3 Nxe1
31. Rxe1 Nd6 32. Bc3 Nc4 33. Qe4 Nd6 34. Qe2 b5 35. Nf3 Nc4 36. Bd4 Qb8 37. Ne5
Nd6 38. Nd7 Rxd7 39. Bxd7 Rc4 40. Qe5 Qc7 41. Qg7# 1-0

[Event "YC 2019 Simultan Vincent Keymer"]
[Site "Bad Soden, H+ Hotel"]
[Date "2019.10.03"]
[Round "1.38"]
[White "Keymer, Vincent"]
[Black "Köpke, Carolina"]
[Result "1/2-1/2"]
[WhiteElo "2506"]
[BlackElo "1453"]
[PlyCount "74"]
[EventDate "2019.10.03"]
[WhiteTeam "Deizisau"]
[BlackTeam "SV Oberursel"]

{Begonnen '16:30', beendet '19:39'} 1. c4 c5 2. Nf3 Nf6 3. Nc3 Nc6 4. g3 b6 5.
Bg2 Bb7 6. O-O g6 7. d4 cxd4 8. Nxd4 Bg7 9. b3 O-O 10. Bb2 Qb8 11. Nd5 Nxd5 12.
cxd5 Nxd4 13. Bxd4 Qd6 14. Bxg7 Kxg7 15. Qd4+ Kg8 16. e4 e5 17. Qd2 Rac8 18.
Rfc1 Rxc1+ 19. Rxc1 Rc8 20. Rxc8+ Bxc8 21. Qc3 Ba6 22. h4 h5 23. b4 Qb8 24. a3
f6 25. Qf3 Kf7 26. g4 Qh8 27. Bh3 hxg4 28. Qxg4 Bb5 29. Kg2 Qh5 30. Qxh5 gxh5
31. Kf3 d6 32. Ke3 Ke7 33. f4 Bd7 34. Bf1 b5 35. Be2 Be8 36. Bd3 a6 37. Be2 Kd8
1/2-1/2

[Event "YC 2019 Simultan Vincent Keymer"]
[Site "Bad Soden, H+ Hotel"]
[Date "2019.10.03"]
[Round "1.39"]
[White "Keymer, Vincent"]
[Black "Özyar, Arin"]
[Result "1-0"]
[WhiteElo "2506"]
[BlackElo "1345"]
[PlyCount "49"]
[EventDate "2019.10.03"]
[WhiteTeam "Deizisau"]
[BlackTeam "SC Bad Soden"]

{Begonnen '16:30', beendet '19:45'} 1. Nf3 d5 2. e3 Nf6 3. c4 Bf5 4. Nc3 Nc6 5.
Qb3 Na5 6. Qa4+ c6 7. cxd5 Nxd5 8. e4 Nxc3 9. bxc3 b5 10. Qc2 Bg6 11. Ne5 Qd6
12. d4 Nb7 13. Bf4 O-O-O 14. a4 a6 15. axb5 Qf6 16. bxc6 Nd6 17. Bxa6+ Kc7 18.
Nxg6 Qxg6 19. g3 Ra8 20. O-O e6 21. Rfb1 Be7 22. Rb7+ Kd8 23. c7+ Kd7 24. c8=Q+
Kxc8 25. Rxe7+ 1-0

[Event "YC 2019 Simultan Vincent Keymer"]
[Site "Bad Soden, H+ Hotel"]
[Date "2019.10.03"]
[Round "1.40"]
[White "Keymer, Vincent"]
[Black "Jiang, Philipp"]
[Result "1-0"]
[WhiteElo "2506"]
[BlackElo "915"]
[PlyCount "35"]
[EventDate "2019.10.03"]
[WhiteTeam "Deizisau"]
[BlackTeam "SV Frankfurt-Nord"]

{Begonnen '16:30', beendet '18:08'} 1. d4 Nf6 2. c4 g6 3. g3 Bg7 4. Bg2 O-O 5.
Nc3 d5 6. cxd5 c6 7. dxc6 Nxc6 8. Nf3 Ne8 9. d5 Nb4 10. O-O Bxc3 11. bxc3 Nxd5
12. c4 Nec7 13. cxd5 Nxd5 14. Bh6 Re8 15. Qd4 f6 16. Rad1 Be6 17. Ng5 fxg5 18.
Qg7# 1-0

[Event "YC 2019 Simultan Vincent Keymer"]
[Site "Bad Soden, H+ Hotel"]
[Date "2019.10.03"]
[Round "1.41"]
[White "Keymer, Vincent"]
[Black "Müller, Rijanna"]
[Result "1-0"]
[WhiteElo "2506"]
[BlackElo "924"]
[PlyCount "83"]
[EventDate "2019.10.03"]
[WhiteTeam "Deizisau"]
[BlackTeam "SK Landskrone"]

{Begonnen '16:30', beendet '20:05'} 1. Nf3 Nf6 2. c4 Nc6 3. Nc3 e5 4. g3 Bc5 5.
Bg2 d6 6. O-O O-O 7. a3 Bg4 8. b4 Bb6 9. h3 Bxf3 10. Bxf3 Qd7 11. Bg2 Qf5 12.
d3 Rad8 13. e3 Qe6 14. Bb2 Ne7 15. Re1 a6 16. Qc2 d5 17. cxd5 Nexd5 18. Nxd5
Nxd5 19. Rad1 Qh6 20. Bxe5 Bxe3 21. fxe3 Nxe3 22. Qd2 Nxd1 23. Qxh6 gxh6 24.
Rxd1 c6 25. d4 f6 26. Bf4 Kg7 27. Kf2 Rfe8 28. d5 cxd5 29. Rxd5 b5 30. Rxd8
Rxd8 31. Bb7 Rd3 32. Bxa6 Rxa3 33. Bxb5 Rb3 34. Bd6 h5 35. Be2 Rb2 36. b5 Kf7
37. Bc7 Ke7 38. b6 Kd7 39. Ke3 Kc6 40. Ba6 Rb3+ 41. Kd4 Rxg3 42. Bxg3 1-0